| 000 | 01758cam a22003494a 4500 | ||
|---|---|---|---|
| 001 | 4111150 | ||
| 003 | ARRUPE | ||
| 005 | 20141126124223.0 | ||
| 008 | 020403s2003 enk b 001 0 eng | ||
| 010 | _a 2002066522 | ||
| 020 | _a0521416973 | ||
| 020 | _a0521426936 (pbk.) | ||
| 035 | _a(OCoLC)ocm49617105 | ||
| 035 | _a(NNC)4111150 | ||
| 040 |
_aDLC _cDLC _dVVC |
||
| 042 | _apcc | ||
| 050 | 0 | 0 |
_aBJ1012 _b.R33 2003 |
| 082 | 0 | 0 |
_a170 _221 |
| 100 | 1 |
_aRailton, Peter Albert. _912858 |
|
| 245 | 1 | 0 |
_aFacts, values, and norms : _bessays toward a morality of consequence / _cPeter Railton. |
| 260 |
_aCambridge, U.K. ; _aNew York : _bCambridge University Press, _c2003. |
||
| 300 |
_axx, 388 p. ; _c24 cm. |
||
| 490 | 1 | _aCambridge studies in philosophy | |
| 504 | _aIncludes bibliographical references and index. | ||
| 505 | 0 | _aMoral realism -- Facts and values -- Noncognitivism about rationality -- Aesthetic value, moral value, and the ambitions of naturalism -- Red, bitter, good -- Alienation, consequentialism, and the demands of morality -- Locke, stock, and peril -- How thinking about character and utilitarianism might lead to rethinking the character of utilitarianism -- Pluralism, dilemma, and the expression of moral conflict -- On the hypothetical and non-hypothetical in reasoning about thought and action -- Normative force and normative freedom -- Morality, ideology, and reflection, or, the duck sits yet. | |
| 650 | 0 |
_aEthics. _912859 |
|
| 830 | 0 |
_aCambridge studies in philosophy. _912860 |
|
| 856 | 4 | 2 |
_3Publisher description _uhttp://www.loc.gov/catdir/description/cam031/2002066522.html |
| 856 | 4 | 1 |
_3Table of contents _uhttp://www.loc.gov/catdir/toc/cam031/2002066522.html |
| 942 |
_2lcc _cMONOGRAPH |
||
| 999 |
_c121316 _d121316 |
||